Vybrané problémy transformace agrárního sektoru Rakouska do společné zemědělské politiky EU

Analýza rakúskeho poľnohospodárstva a poľnohospodárskej politiky pred vstupom do EÚ. Prechod Rakúska na Spoločnú poľnohospodársku politiku. Od r. 1995 je Rakúsko členom EÚ. Prvé výsledky a skúsenosti Rakúska so Spoločnou poľnohospodárskou politikou. Aplikácia rakúskych skúseností v ČR.

Na minha lista:
Detalhes bibliográficos
Autor principal: Boháčková, Ivana
Formato: Capítulo de Livro
Idioma:tcheco
Assuntos:
Tags: Adicionar Tag
Sem tags, seja o primeiro a adicionar uma tag!

MARC

LEADER 00000naa a2200000 4500
001 r023345
005 20230922110123.2
041 0 |a cze 
044 |a CZ 
245 1 0 |a Vybrané problémy transformace agrárního sektoru Rakouska do společné zemědělské politiky EU  |c I. Boháčková 
520 |a Analýza rakúskeho poľnohospodárstva a poľnohospodárskej politiky pred vstupom do EÚ. Prechod Rakúska na Spoločnú poľnohospodársku politiku. Od r. 1995 je Rakúsko členom EÚ. Prvé výsledky a skúsenosti Rakúska so Spoločnou poľnohospodárskou politikou. Aplikácia rakúskych skúseností v ČR. 
610 2 0 |a politika poľnohospodárska 
610 2 0 |a Rakúsko 
610 2 0 |a Európska únia 
610 2 0 |a integrácia ekonomická medzinárodná 
610 2 0 |a výroba poľnohospodárska 
610 2 0 |a ceny 
610 2 0 |a trh svetový 
610 2 0 |a obchod zahraničný 
100 1 |a Boháčková, Ivana